[Event "Quenza op 12th"]
[Site "Quenza"]
[Date "2023.07.23"]
[Round "3"]
[White "Battesti, Marc Andria"]
[Black "Maurizzi, Marc Andria"]
[Result "0-1"]
[WhiteElo "2009"]
[BlackElo "2556"]
[PlyCount "62"]
[EventDate "2023.07.23"]
[EventType "swiss"]
[EventRounds "9"]
[EventCountry "FRA"]
[SourceTitle "CBM 215 Extra"]
[Source "ChessBase"]
[SourceDate "2023.09.30"]
[SourceVersion "1"]
[SourceVersionDate "2023.09.30"]
[SourceQuality "1"]

1. Nf3 d5 2. b3 c5 3. Bb2 Nc6 4. e3 a6 5. d4 cxd4 6. exd4 Bf5 7. Bd3 Bxd3 8. Qxd3 e6 9. 0-0 Nge7 10. Ba3 g6 11. Nbd2 Bg7 12. Bxe7 Qxe7 13. c3 0-0 14. Rfe1 Rac8 15. b4 Qc7 16. Nb3 e5 17. dxe5 Nxe5 18. Nxe5 Bxe5 19. Rac1 Bxh2+ 20. Kh1 Bf4 21. Rc2 Rfe8 22. Rd1 Re5 23. g3 Rh5+ 24. Kg2 Qd7 25. Rh1 Rxh1 26. Kxh1 Be5 27. Kg2 Kg7 28. Nc5 Qc6 29. Re2 Bf6 30. Qf3 b6 31. Nxa6 Qb5 0-1

[Event "Paris European Corporate 1st"]
[Site "Paris"]
[Date "2017.11.24"]
[Round "4.2"]
[White "Volkova, Ekaterina"]
[Black "Battesti, Marc Andria"]
[Result "0-1"]
[WhiteElo "1984"]
[BlackElo "2026"]
[PlyCount "158"]
[EventDate "2017.11.24"]
[EventType "team-swiss"]
[EventRounds "9"]
[EventCountry "FRA"]
[SourceTitle "CBM 181 Extra"]
[Source "ChessBase"]
[SourceDate "2017.12.12"]
[SourceVersion "1"]
[SourceVersionDate "2017.12.12"]
[SourceQuality "1"]
[WhiteTeam "RZD"]
[BlackTeam "Corsica Flash"]
[WhiteTeamCountry "RUS"]
[BlackTeamCountry "FRA"]

1. e4 c5 2. Nf3 d6 3. d4 Nf6 4. Nc3 cxd4 5. Nxd4 Nc6 6. Be3 e5 7. Nf3 Be7 8. h3 0-0 9. Be2 h6 10. 0-0 Be6 11. Bb5 a6 12. Be2 b5 13. a3 Rc8 14. Nd5 Nxe4 15. Bb6 Qd7 16. a4 Bxd5 17. Qxd5 Nf6 18. Qd2 Qb7 19. Be3 Ne4 20. Qd5 Nf6 21. Qd2 d5 22. axb5 axb5 23. Nxe5 Bb4 24. c3 Nxe5 25. cxb4 Nc4 26. Qd4 Nxe3 27. fxe3 Rfe8 28. Ra5 Re4 29. Qd3 Rxb4 30. Rxb5 Rxb5 31. Qxb5 Qxb5 32. Bxb5 Rb8 33. Bc6 Rxb2 34. Rd1 Rb3 35. Kf2 Ne4+ 36. Kf3 Ng5+ 37. Kf2 Rb2+ 38. Kg1 Rb3 39. Kf2 Ne4+ 40. Kf3 Nc3 41. Rd3 Ra3 42. Bxd5 Nb5 43. Rxa3 Nxa3 44. e4 Nb5 45. Kf4 Kf8 46. Ke3 Ke7 47. Kd3 Kd6 48. Kc4 Nc7 49. Bxf7 Ke7 50. Bd5 Kd6 51. Bg8 Ke5 52. Bh7 Ne6 53. Bf5 Nf4 54. g4 Nxh3 55. Kd3 Nf2+ 56. Ke3 Nh3 57. Kf3 Ng5+ 58. Ke3 Nf7 59. Kf3 Nd6 60. Ke3 Nc4+ 61. Kd3 Nd6 62. Ke3 Nf7 63. Kf3 g5 64. Bg6 Nd6 65. Bf5 Nb5 66. Ke3 Nd4 67. Bg6 Nc2+ 68. Kd3 Ne1+ 69. Ke2 Ng2 70. Kf3 Nh4+ 71. Kg3 Nxg6 72. Kf3 Nh4+ 73. Ke3 Ng2+ 74. Kf3 Nf4 75. Ke3 Ne6 76. Kf3 Nf8 77. Ke3 Nd7 78. Kd3 Nc5+ 79. Ke3 Nxe4 0-1

[Event "Corsica-chT"]
[Site "Bastia"]
[Date "2012.06.02"]
[Round "1.7"]
[White "Battesti, Marc Andria"]
[Black "Orsoni, Jean Philippe"]
[Result "1-0"]
[WhiteElo "1988"]
[BlackElo "1923"]
[PlyCount "55"]
[EventDate "2012.06.02"]
[EventType "team-match"]
[EventRounds "2"]
[EventCountry "FRA"]
[SourceTitle "EXT 2013"]
[Source "ChessBase"]
[SourceDate "2012.11.22"]
[SourceVersion "1"]
[SourceVersionDate "2012.11.22"]
[SourceQuality "1"]

1. b3 e5 2. Bb2 Nc6 3. e3 d5 4. Bb5 Bd6 5. f4 Qe7 6. Nf3 f6 7. fxe5 fxe5 8. Bxc6+ bxc6 9. Nxe5 Qh4+ 10. g3 Qh3 11. Qf3 Nf6 12. Nxc6 0-0 13. Bxf6 Rxf6 14. Qxd5+ Be6 15. Ne7+ Kf7 16. Qxa8 Bg4 17. d3 Bxg3+ 18. hxg3 Qxg3+ 19. Kd2 Rf2+ 20. Kc3 Qe5+ 21. d4 Qxe3+ 22. Kb2 Qxd4+ 23. Nc3 Bf3 24. Ned5 Qd2 25. Rhc1 h5 26. Qc6 h4 27. Qd7+ Kg6 28. Rg1+ 1-0

[Event "Ajaccio op 1st"]
[Site "Ajaccio"]
[Date "2012.04.25"]
[Round "3"]
[White "Hamdouchi, Hicham"]
[Black "Battesti, Marc Andria"]
[Result "1-0"]
[WhiteElo "2617"]
[BlackElo "1984"]
[PlyCount "87"]
[EventDate "2012.04.24"]
[EventType "swiss"]
[EventRounds "9"]
[EventCountry "FRA"]
[SourceTitle "CBM 148 Extra"]
[Source "ChessBase"]
[SourceDate "2012.06.22"]
[SourceVersion "1"]
[SourceVersionDate "2012.06.22"]
[SourceQuality "1"]

1. e4 e6 2. d3 d5 3. Qe2 Nf6 4. Nf3 b6 5. e5 Nfd7 6. g3 Bb7 7. Bg2 c5 8. c4 dxc4 9. dxc4 Qc7 10. Nc3 Nc6 11. Nb5 Qb8 12. Bf4 a6 13. Nd6+ Bxd6 14. exd6 0-0 15. 0-0-0 e5 16. Bg5 Nd4 17. Nxd4 Bxg2 18. Nf5 Bxh1 19. Qg4 g6 20. Nh6+ Kg7 21. Qxd7 Qb7 22. Ng4 Rfe8 23. Bf6+ Kf8 24. Qxb7 Bxb7 25. d7 Bf3 26. dxe8Q+ Rxe8 27. Rd6 Bxg4 28. Rxb6 Re6 29. Rb8+ Re8 30. Bg7+ Ke7 31. Rb6 Be6 32. b3 e4 33. Rxa6 Bd7 34. Bf6+ Kf8 35. Bg5 Re5 36. h4 Rf5 37. Ra7 f6 38. Be3 Ke7 39. a4 g5 40. a5 gxh4 41. gxh4 Re5 42. a6 Kd8 43. Ra8+ Kc7 44. Bf4 1-0

[Event "Bastia CC Summer op 9th"]
[Site "Bastia"]
[Date "2011.06.23"]
[Round "1"]
[White "Franchi, Pierre Jean"]
[Black "Battesti, Marc Andria"]
[Result "0-1"]
[WhiteElo "1540"]
[BlackElo "1988"]
[PlyCount "74"]
[EventDate "2011.06.23"]
[EventType "swiss"]
[EventRounds "7"]
[EventCountry "FRA"]
[SourceTitle "EXT 2012"]
[Source "ChessBase"]
[SourceDate "2011.11.24"]
[SourceVersion "1"]
[SourceVersionDate "2011.11.24"]
[SourceQuality "1"]

1. e4 e6 2. d4 c5 3. c3 cxd4 4. cxd4 Nf6 5. e5 Nd5 6. Nf3 Nc6 7. Bc4 Nb6 8. Bb5 Bb4+ 9. Nbd2 a6 10. Bd3 d6 11. Bc2 dxe5 12. dxe5 Nc4 13. b3 N4xe5 14. Bb2 Nxf3+ 15. gxf3 0-0 16. Rg1 e5 17. f4 Re8 18. Bxh7+ Kxh7 19. Qh5+ Kg8 20. Rd1 exf4+ 21. Kf1 Qd3+ 22. Kg2 Bxd2 23. Bxg7 Qg6+ 24. Qxg6 fxg6 25. Rxd2 Kxg7 26. Kh1 Bf5 27. f3 Ne5 28. Rgg2 Rad8 29. Rde2 Kf6 30. h4 Rh8 31. Rh2 Be6 32. Re1 Rh5 33. Rf2 Bd5 34. Rd2 Bxf3+ 35. Kh2 Rxd2+ 36. Kh3 Rxh4+ 37. Kxh4 Rh2# 0-1

[Event "Calvi Balagne op 06th"]
[Site "Calvi"]
[Date "2009.05.02"]
[Round "8"]
[White "Battesti, Marc Andria"]
[Black "Massoni, Michael"]
[Result "0-1"]
[WhiteElo "1965"]
[BlackElo "2272"]
[PlyCount "48"]
[EventDate "2009.04.28"]
[EventType "swiss"]
[EventRounds "9"]
[EventCountry "FRA"]
[SourceTitle "CBM 130 Extra"]
[Source "ChessBase"]
[SourceDate "2009.07.02"]
[SourceVersion "2"]
[SourceVersionDate "2009.07.15"]
[SourceQuality "1"]

1. e4 c5 2. a3 d5 3. exd5 Nf6 4. b4 cxb4 5. axb4 Nxd5 6. b5 Bf5 7. Na3 e6 8. Qf3 Nd7 9. Bb2 Rc8 10. Ne2 Bxc2 11. Nd4 Bg6 12. Nc4 Bc5 13. h4 N7f6 14. Ne5 Nb4 15. h5 Be4 16. Qb3 Nfd5 17. Nef3 e5 18. d3 Bxd4 19. Nxd4 exd4 20. dxe4 Nc2+ 21. Kd1 Nxa1 22. Bxa1 Nc3+ 23. Bxc3 dxc3+ 24. Kc1 Qd2+ 0-1

[Event "Calvi Balagne op 06th"]
[Site "Calvi"]
[Date "2009.05.01"]
[Round "6"]
[White "Colin, Vincent"]
[Black "Battesti, Marc Andria"]
[Result "1-0"]
[WhiteElo "2415"]
[BlackElo "1965"]
[PlyCount "93"]
[EventDate "2009.04.28"]
[EventType "swiss"]
[EventRounds "9"]
[EventCountry "FRA"]
[SourceTitle "CBM 130 Extra"]
[Source "ChessBase"]
[SourceDate "2009.07.02"]
[SourceVersion "2"]
[SourceVersionDate "2009.07.15"]
[SourceQuality "1"]

1. Nf3 Nf6 2. b3 g6 3. Bb2 Bg7 4. e3 d6 5. c4 0-0 6. Be2 Re8 7. d4 Nbd7 8. Nc3 e5 9. h3 exd4 10. Nxd4 Nc5 11. Qc2 Qe7 12. Bf3 Rb8 13. 0-0 Bd7 14. Rfd1 Nce4 15. Nxe4 Nxe4 16. Qxe4 Qxe4 17. Bxe4 Rxe4 18. Rd2 a6 19. Rc1 f5 20. c5 f4 21. exf4 Rxf4 22. cxd6 cxd6 23. Rc7 Rf7 24. Nf3 Bxb2 25. Rxb2 Bc6 26. Rxf7 Kxf7 27. Nd4 Rc8 28. f3 Kf6 29. Kf2 Ke5 30. Ke3 Bd7 31. f4+ Kd5 32. Ne2 h5 33. Rd2+ Ke6 34. g4 hxg4 35. hxg4 Ke7 36. Kf3 Bc6+ 37. Ke3 Rd8 38. Nd4 Kf6 39. g5+ Kf7 40. f5 gxf5 41. Kf4 Re8 42. Nxc6 bxc6 43. Rxd6 Re6 44. Rxe6 Kxe6 45. b4 c5 46. bxc5 Kd5 47. g6 1-0

[Event "Corsica-ch"]
[Site "Bastia"]
[Date "2007.06.03"]
[Round "2.2"]
[White "Battesti, Marc Andria"]
[Black "Vilaisarn, Akkhavanh"]
[Result "0-1"]
[WhiteElo "1963"]
[BlackElo "2205"]
[PlyCount "126"]
[EventDate "2007.06.02"]
[EventType "k.o."]
[EventRounds "4"]
[EventCountry "FRA"]
[SourceTitle "CBM 119 Extra"]
[Source "ChessBase"]
[SourceDate "2007.09.04"]
[SourceVersion "1"]
[SourceVersionDate "2007.09.04"]
[SourceQuality "1"]

1. e4 c5 2. b4 cxb4 3. a3 d5 4. exd5 Qxd5 5. Bb2 e5 6. c4 Qe6 7. axb4 Bxb4 8. Na3 Bxa3 9. Bxa3 Ne7 10. Nf3 Nbc6 11. Be2 0-0 12. 0-0 Rd8 13. Re1 Ng6 14. Bb2 Nf4 15. Ra3 Qg4 16. g3 e4 17. Ne5 Nxe2+ 18. Qxe2 Qxe2 19. Rxe2 Nxe5 20. Bxe5 Be6 21. Rxe4 Rxd2 22. f4 a6 23. Rc3 Rad8 24. Bc7 R8d7 25. Bb6 Rb2 26. Bf2 h6 27. Rd4 Rxd4 28. Bxd4 Rb4 29. Bc5 Ra4 30. Kf2 Bxc4 31. Ra3 Rxa3 32. Bxa3 g6 33. Ke3 f6 34. Kd4 b5 35. Bb4 Kf7 36. Ke4 Bb3 37. Kd4 Ke6 38. Ke4 Bc2+ 39. Kd4 Kf5 40. Ke3 Kg4 41. Kf2 h5 42. h4 Be4 43. Ba5 Bb7 44. Bc3 f5 45. Ba5 Bd5 46. Bb4 Be6 47. Ba5 g5 48. fxg5 f4 49. gxf4 Kxh4 50. Bd2 Kg4 51. Kg2 h4 52. Kh2 Kh5 53. Kg2 Kg4 54. Kh2 Bf5 55. Kg2 h3+ 56. Kh2 Kf3 57. g6 Bxg6 58. Kxh3 Ke2 59. Bc1 b4 60. Kg4 Kd1 61. Be3 b3 62. Bd4 Kc2 63. Kg5 Bd3 0-1

[Event "Porticcio op 8th"]
[Site "Porticcio"]
[Date "2007.05.26"]
[Round "4"]
[White "Degoirat, Julien"]
[Black "Battesti, Marc Andria"]
[Result "1-0"]
[WhiteElo "2163"]
[BlackElo "1963"]
[PlyCount "47"]
[EventDate "2007.05.26"]
[EventType "swiss"]
[EventRounds "9"]
[EventCountry "FRA"]
[SourceTitle "EXT 2008"]
[Source "ChessBase"]
[SourceDate "2007.11.25"]
[SourceVersion "1"]
[SourceVersionDate "2007.11.25"]
[SourceQuality "1"]

1. e4 e6 2. Nc3 d5 3. d4 Nf6 4. Bg5 Be7 5. e5 Nfd7 6. h4 c5 7. Bxe7 Kxe7 8. Qg4 Kf8 9. 0-0-0 Nc6 10. Nf3 cxd4 11. Nxd4 Ndxe5 12. Qg3 a6 13. f4 Nxd4 14. fxe5 Nc6 15. Bd3 Qa5 16. Rhf1 d4 17. Qf2 Nxe5 18. Qxd4 Bd7 19. h5 Bc6 20. Be4 Rc8 21. Bxc6 Nxc6 22. Qd7 Ne7 23. Nd5 Qc5 24. Rxf7+ 1-0

[Event "Corsica-chT"]
[Site "Porticcio"]
[Date "2007.04.01"]
[Round "4.1"]
[White "Battesti, Marc Andria"]
[Black "Geronimi, Didier"]
[Result "1-0"]
[WhiteElo "1963"]
[BlackElo "1802"]
[PlyCount "41"]
[EventDate "2007.03.07"]
[EventType "team-tourn"]
[EventRounds "9"]
[EventCountry "FRA"]
[SourceTitle "CBM 117 Extra"]
[Source "ChessBase"]
[SourceDate "2007.05.09"]
[SourceVersion "1"]
[SourceVersionDate "2007.05.09"]
[SourceQuality "1"]
[WhiteTeam "I Scacchi Di U Centru"]
[BlackTeam "Corsica CC II"]
[WhiteTeamCountry "FRA"]
[BlackTeamCountry "FRA"]

1. e4 d6 2. d4 Nf6 3. Nc3 g6 4. Nf3 Bg7 5. Bd3 0-0 6. h3 Re8 7. Bg5 e5 8. Qd2 c6 9. 0-0-0 b5 10. h4 Qa5 11. Bh6 Na6 12. Bxg7 Kxg7 13. h5 Nxh5 14. Rxh5 gxh5 15. Qg5+ Kf8 16. dxe5 Qd8 17. Qh6+ Ke7 18. Nd4 Nb8 19. Nxc6+ Nxc6 20. Nd5+ Kd7 21. Qxd6# 1-0

[Event "Corsica-chT"]
[Site "Porticcio"]
[Date "2007.04.01"]
[Round "3.1"]
[White "Grimaldi, Antoine"]
[Black "Battesti, Marc Andria"]
[Result "1-0"]
[WhiteElo "2050"]
[BlackElo "1963"]
[PlyCount "94"]
[EventDate "2007.03.07"]
[EventType "team-tourn"]
[EventRounds "9"]
[EventCountry "FRA"]
[SourceTitle "CBM 117 Extra"]
[Source "ChessBase"]
[SourceDate "2007.05.09"]
[SourceVersion "1"]
[SourceVersionDate "2007.05.09"]
[SourceQuality "1"]
[WhiteTeam "Echecs Club Ajaccien"]
[BlackTeam "I Scacchi Di U Centru"]
[WhiteTeamCountry "FRA"]
[BlackTeamCountry "FRA"]

1. e4 e6 2. d3 c5 3. Nf3 Nc6 4. g3 d5 5. Nbd2 Nf6 6. Bg2 Bd6 7. 0-0 0-0 8. c3 Qc7 9. Qe2 b6 10. Re1 dxe4 11. dxe4 Be7 12. Nc4 Ba6 13. Bf4 Bxc4 14. Qxc4 e5 15. Bd2 Rad8 16. Rad1 Rd7 17. Bc1 Rfd8 18. Rxd7 Qxd7 19. Ng5 Bf8 20. Bh3 Na5 21. Qe2 Qd3 22. Qxd3 Rxd3 23. Bf1 Rd8 24. f4 exf4 25. gxf4 c4 26. e5 Bc5+ 27. Kg2 Nd5 28. f5 h6 29. Ne4 Bf8 30. Kf3 b5 31. Rd1 Nc6 32. e6 fxe6 33. fxe6 Be7 34. Ng3 Rf8+ 35. Kg2 Nb6 36. Be2 Bc5 37. Ne4 Be7 38. Be3 Rd8 39. Rxd8+ Bxd8 40. Nd6 Nd5 41. Bd2 a6 42. a4 b4 43. Bxc4 bxc3 44. Bxc3 Nde7 45. Bxa6 Bc7 46. Nc8 Kf8 47. Bd3 Ke8 1-0

[Event "Corsica-chT"]
[Site "Porticcio"]
[Date "2007.03.18"]
[Round "2.1"]
[White "Degoirat, Julien"]
[Black "Battesti, Marc Andria"]
[Result "1-0"]
[WhiteElo "2163"]
[BlackElo "1963"]
[PlyCount "93"]
[EventDate "2007.03.07"]
[EventType "team-tourn"]
[EventRounds "9"]
[EventCountry "FRA"]
[SourceTitle "CBM 117 Extra"]
[Source "ChessBase"]
[SourceDate "2007.05.09"]
[SourceVersion "1"]
[SourceVersionDate "2007.05.09"]
[SourceQuality "1"]
[WhiteTeam "Balagna CC"]
[BlackTeam "Corsica CC"]
[WhiteTeamCountry "FRA"]
[BlackTeamCountry "FRA"]

1. e4 e6 2. d4 d5 3. Nc3 Nf6 4. Bg5 Be7 5. e5 Nfd7 6. h4 c5 7. Bxe7 Kxe7 8. Qg4 Rg8 9. Qg5+ f6 10. exf6+ gxf6 11. Qh6 cxd4 12. Qxh7+ Kf8 13. Nb5 Qa5+ 14. Kd1 Nc6 15. Nd6 Nd8 16. Nxc8 Rxc8 17. Qxd7 Qc5 18. Qh7 Nc6 19. Nf3 e5 20. Qh6+ Ke7 21. Qd2 e4 22. Ne1 Ne5 23. Rh3 Ng4 24. Qe2 Kd6 25. Nd3 exd3 26. Rxd3 Nh2 27. Rd2 Rge8 28. Qb5 Nxf1 29. Qxf1 Re4 30. g3 Rce8 31. Rc1 Qc8 32. c3 Qf5 33. Qd3 Re1+ 34. Kc2 Rxc1+ 35. Kxc1 Qxd3 36. Rxd3 dxc3 37. Rxc3 Re2 38. Rc2 Rxc2+ 39. Kxc2 Ke5 40. Kd3 f5 41. f4+ Ke6 42. Kd4 b6 43. b3 Kd6 44. h5 Ke6 45. h6 Kf6 46. Kxd5 Kg6 47. Ke6 1-0

[Event "Bastiais Master 1st"]
[Site "Bastia"]
[Date "2005.05.??"]
[Round "4"]
[White "Battesti, Marc Andria"]
[Black "Massoni, Michael"]
[Result "0-1"]
[WhiteElo "1894"]
[BlackElo "2045"]
[PlyCount "64"]
[EventDate "2005.05.??"]
[EventType "tourn"]
[EventRounds "9"]
[EventCountry "FRA"]
[SourceTitle "EXT 2007"]
[Source "ChessBase"]
[SourceDate "2006.11.23"]
[SourceVersion "1"]
[SourceVersionDate "2006.11.23"]
[SourceQuality "1"]

1. e4 g6 2. d4 Bg7 3. Bc4 c5 4. c3 cxd4 5. cxd4 Qb6 6. Qf3 e6 7. Ne2 Nc6 8. Nbc3 Nxd4 9. Nxd4 Bxd4 10. 0-0 Be5 11. Be3 Qc7 12. Qe2 a6 13. f4 Bg7 14. e5 f5 15. Rac1 Qa5 16. Rfd1 Ne7 17. Rd6 Nc6 18. Qd3 Bf8 19. Nd5 exd5 20. Rxd5 b5 21. Bb3 Qb4 22. a3 Qe4 23. Qc3 b4 24. Qd2 bxa3 25. Rxc6 axb2 26. Re6+ dxe6 27. Rd8+ Kf7 28. Rd7+ Be7 29. Rxe7+ Kxe7 30. Qd6+ Ke8 31. Ba2 Qxe3+ 32. Kf1 Bd7 0-1

[Event "Porticcio op 6th"]
[Site "Porticcio"]
[Date "2005.03.??"]
[Round "7"]
[White "Vilaisarn, Akkhavanh"]
[Black "Battesti, Marc Andria"]
[Result "1-0"]
[WhiteElo "2187"]
[BlackElo "1819"]
[PlyCount "75"]
[EventDate "2005.03.??"]
[EventType "swiss"]
[EventRounds "7"]
[EventCountry "FRA"]
[SourceTitle "EXT 2007"]
[Source "ChessBase"]
[SourceDate "2006.11.23"]
[SourceVersion "1"]
[SourceVersionDate "2006.11.23"]
[SourceQuality "1"]

1. Nf3 d5 2. g3 Nf6 3. Bg2 g6 4. 0-0 Bg7 5. d3 0-0 6. Nbd2 c5 7. e4 dxe4 8. dxe4 Nc6 9. c3 Bg4 10. h3 Bxf3 11. Qxf3 Ne5 12. Qe2 Qb6 13. f4 c4+ 14. Kh2 Nd3 15. Nxc4 Nxc1 16. Nxb6 Nxe2 17. Nxa8 Rxa8 18. Rae1 Nxg3 19. Kxg3 Nh5+ 20. Kf3 Bh6 21. f5 Nf4 22. Rd1 e6 23. Rd7 exf5 24. exf5 Re8 25. f6 Nh5 26. Rfd1 Re3+ 27. Kf2 Nxf6 28. Rxb7 Re5 29. Rd3 Ra5 30. a3 Nh5 31. Bd5 Nf4 32. Bxf7+ Kg7 33. Bc4+ Kf6 34. Rf3 Rc5 35. b3 a5 36. Rxh7 Rh5 37. Rxh6 Rxh6 38. Rxf4+ 1-0

[Event "Corsica CC-B"]
[Site "Corsica"]
[Date "2004.08.01"]
[Round "1"]
[White "Battesti, Marc Andria"]
[Black "Gil, Jean Jacques"]
[Result "1-0"]
[WhiteElo "1830"]
[BlackElo "1560"]
[PlyCount "43"]
[EventDate "2004.08.01"]
[EventType "tourn"]
[EventRounds "9"]
[EventCountry "FRA"]
[SourceTitle "EXT 2008"]
[Source "ChessBase"]
[SourceDate "2007.11.25"]
[SourceVersion "1"]
[SourceVersionDate "2007.11.25"]
[SourceQuality "1"]

1. e4 d5 2. exd5 Nf6 3. d4 Nxd5 4. c4 Nb4 5. a3 N4a6 6. Nc3 Nc6 7. d5 Ne5 8. Bf4 Ng6 9. Bg3 e6 10. Bd3 Bd6 11. Bxd6 cxd6 12. Nf3 Nc5 13. Bxg6 hxg6 14. 0-0 Qf6 15. dxe6 Nxe6 16. Ne4 Qd8 17. Nxd6+ Ke7 18. c5 Nxc5 19. Qe1+ Be6 20. Rd1 Qc7 21. Qe5 f6 22. Nf5+ 1-0

[Event "Porticcio op 4th"]
[Site "Porticcio"]
[Date "2003.06.??"]
[Round "5"]
[White "Rossi, Pascal"]
[Black "Battesti, Marc Andria"]
[Result "1-0"]
[WhiteElo "2060"]
[BlackElo "1630"]
[PlyCount "65"]
[EventDate "2003.06.??"]
[EventType "swiss"]
[EventRounds "9"]
[EventCountry "FRA"]
[SourceTitle "EXT 2007"]
[Source "ChessBase"]
[SourceDate "2006.11.23"]
[SourceVersion "1"]
[SourceVersionDate "2006.11.23"]
[SourceQuality "1"]

1. d4 e6 2. e4 d5 3. Nc3 Nf6 4. Be3 Nfd7 5. exd5 exd5 6. Nxd5 c5 7. Qd2 Nc6 8. 0-0-0 Nb6 9. dxc5 Nxd5 10. Qxd5 Qxd5 11. Rxd5 Nb4 12. Bb5+ Nc6 13. Nf3 Be6 14. Rdd1 Be7 15. Nd4 0-0 16. Nxe6 fxe6 17. Rd7 Bf6 18. Rxb7 Na5 19. c6 Nxb7 20. cxb7 Rab8 21. Bc6 Rf7 22. c3 Rc7 23. Bf3 Bxc3 24. bxc3 Rxc3+ 25. Kb2 Rc7 26. Rd1 e5 27. Rd3 Re7 28. Be4 Rexb7+ 29. Bxb7 Rxb7+ 30. Rb3 Rc7 31. Rb5 Re7 32. Ra5 Rb7+ 33. Kc3 1-0